[Event "AUT-ch Seniors 50"]
[Site "Vienna"]
[Date "2017.02.06"]
[Round "1.1"]
[White "Wallner, Joachim"]
[Black "Wirthumer, Gunter"]
[Result "1-0"]
[WhiteElo "2326"]
[BlackElo "1854"]
[PlyCount "36"]
[EventDate "2017.02.06"]
[EventType "swiss"]
[EventRounds "7"]
[EventCountry "AUT"]
[SourceTitle "EXT 2024"]
[Source "ChessBase"]
[SourceDate "2023.10.10"]
[SourceVersion "1"]
[SourceVersionDate "2023.10.10"]
[SourceQuality "1"]

1. b3 e5 2. Bb2 Nc6 3. e3 Nf6 4. Bb5 Bd6 5. Na3 a6 6. Bxc6 dxc6 7. Nc4 Qe7 8. Ne2 0-0 9. 0-0 e4 10. Ng3 Bd7 11. Bxf6 gxf6 12. Nxd6 cxd6 13. Qh5 Kh8 14. f3 Rg8 15. fxe4 Bg4 16. Qh4 Rg6 17. Rf4 Rag8 18. Raf1 Rg5 1-0